00969cam9a220027700 4500001001200000005001700012008004100029010001600070035001900086035002200105035002200127040000900149050001600158100013300174245005700307250001200364260005100376500006900427504004100496650002400537650002300561650003700584949004500621004000600666999001900672qce0085211220190826102544.0730822s1962 ilu 000 0 eng u a 61018823 a(Sirsi) r61743 a(QCAT)lss00459280 a(UPRA)qce00852112 dUPRA0 aTS205b.R831 aRusinoff, S. E. (Samuel Eugene), 1894-qRusinoff, S. E. (Samuel Eugene), 1894-dRusinoff, S. E. (Samuel Eugene), 1894-6A19344.110aManufacturing processes :bmaterials and production. a[Rev.]. aChicago :bAmerican Technical Society,c[1962] aAdditional imprint on pasted label: London, The Technical Press. aIncludes bibliographical references. 0aMetal-work.6S820.1 0aPlastics.6S5050.1 0aMachine-shop practice.6S14013.1 aTS205wlcci-81373mMAINtBOOKlON-SHELF61743 c164493d164493